Lecture notes on the major soils of the world

Saved in:
Bibliographic Details
Main Author: PAUL DRIESSEN
Format: Book
Language:Undetermined
Published: Rome, Italy FAO 2001
Subjects:
Tags: Add Tag
No Tags, Be the first to tag this record!
Institutions: Trung tâm Học liệu Trường Đại học Cần Thơ
LEADER 00486nam a2200169Ia 4500
001 CTU_50438
008 210402s9999 xx 000 0 und d
082 |a 631.4 
082 |b L471 
100 |a PAUL DRIESSEN 
245 0 |a Lecture notes on the major soils of the world 
245 0 |c Edited by PAUL DRIESSEN ... [et al.] 
260 |a Rome, Italy 
260 |b FAO 
260 |c 2001 
650 |a soil science,land use, rural 
980 |a Trung tâm Học liệu Trường Đại học Cần Thơ